000 00518nam a2200193Ia 4500
003 OSt
005 20221007082737.0
006 a|||||r|||| 00| 0
007 ta
008 221006b |||||||| |||| 00| 0 eng d
024 _a23,111
037 _cDissertations
040 _aFLL
_cFLL
_beng
041 _2eng
_aeng
100 _aMalhotra Nipun Kumar
_9699390
245 0 _aRight to compulsory education
_b the indian perspective.
942 _cDIS
_2CC
999 _c1167594
_d1167594